| 000 | 00511nam a2200169 a 4500 | ||
|---|---|---|---|
| 005 | 20140311163022.0 | ||
| 008 | 111111s19uu xx 00 eng d | ||
| 020 | _a9781603290340 | ||
| 050 |
_aPN 59 _b.T46 2009 |
||
| 245 |
_aTeaching world literature / _cedited by David Damrosch. |
||
| 260 |
_aUSA : _bModern Language Association of America, _c2009. |
||
| 300 |
_a432 p. : _c23 cm. |
||
| 440 | _aOptions for teaching | ||
| 650 |
_aLiterature _xStudy and teaching |
||
| 942 |
_cBK _2lcc _kFOR |
||
| 999 |
_c39479 _d39479 |
||